Guerra de las galias ; Libros I - II - III
Uloženo v:
| Hlavní autor: | |
|---|---|
| Další autoři: | |
| Médium: | Kniha |
| Jazyk: | španělština |
| Vydáno: |
Madrid
Gredos
1957
|
| Tagy: |
Přidat tag
Žádné tagy, Buďte první, kdo vytvoří štítek k tomuto záznamu!
|
MARC
| LEADER | 00000nam a22000005a 4500 | ||
|---|---|---|---|
| 003 | CL-ChBUA | ||
| 005 | 20120815091521.0 | ||
| 008 | 081028s1957 sp ||||| |||| 000 ||spa | ||
| 040 | |a CL-ChBUA |c CL-ChBUA | ||
| 082 | 0 | 0 | |a 937.05 |
| 090 | |c 23579 |d 23579 | ||
| 100 | 1 | |a García Yebra, Valentín | |
| 245 | 1 | 0 | |a Guerra de las galias ; |b Libros I - II - III |
| 260 | |a Madrid |b Gredos |c 1957 | ||
| 300 | |a 241 p. |c 17 cm. | ||
| 700 | 1 | |a Escolar Sobrino, Hipólito | |
| 942 | |c LIB | ||
| 952 | |0 0 |1 0 |4 0 |7 0 |9 57855 |a UNACH |b UNACH |c 900 |d 2008-10-28 |i 8.307 |l 0 |o 937.05 / C 421 L. I,II,III |p 58941 |r 2012-12-27 00:00:00 |u 57855 |w 2012-08-08 |y LIB |k 937.05 / C 421 L. I,II,III | ||
| 999 | |c 23579 |d 23579 | ||